| 000 | 00737nam a2200229Ia 4500 | ||
|---|---|---|---|
| 005 | 20260429111904.0 | ||
| 008 | 260429s9999||||xx |||||||||||||| ||und|| | ||
| 020 | _a9788184846850 | ||
| 041 | _aEnglish | ||
| 082 |
_a378.076 _bBAL |
||
| 100 | _aBalasubramain, P | ||
| 245 | 0 |
_aUGC CBSE-NET/SET/SLET, Paper 1 : _bnational eligibility test state eligibility test state level eligibility test JRF and lectureship eligibility / _cP Balasubramain |
|
| 260 |
_aNew Delhi : _bRegal Publications, _c2018. |
||
| 300 | _axxiii, 486 p.; hb | ||
| 650 | _a Competitive examinations | ||
| 650 | _a Research aptitude | ||
| 650 | _a Teaching aptitude | ||
| 650 | _aUGC NET | ||
| 700 | _a Bindhu, S | ||
| 700 | _a Periasamy, R | ||
| 942 | _cTB | ||
| 999 |
_c51289 _d51289 |
||